MARC details
| 000 -CABECERA |
| campo de control de longitud fija |
01798nam a2200301 i 4500 |
| 001 - NÚMERO DE CONTROL |
| campo de control |
000027051 |
| 003 - IDENTIFICADOR DEL NÚMERO DE CONTROL |
| campo de control |
DO-SdBNP |
| 005 - FECHA Y HORA DE LA ÚLTIMA TRANSACCIÓN |
| campo de control |
20250123143042.0 |
| 007 - CAMPO FIJO DE DESCRIPCIÓN FÍSICA--INFORMACIÓN GENERAL |
| campo de control de longitud fija |
ta |
| 008 - DATOS DE LONGITUD FIJA--INFORMACIÓN GENERAL |
| campo de control de longitud fija |
110329s1979 dr 000 0bspa d |
| 040 ## - FUENTE DE LA CATALOGACIÓN |
| Centro catalogador/agencia de origen |
DO-SdBNP |
| Lengua de catalogación |
spa |
| Centro/agencia transcriptor |
BNPHU |
| Normas de descripción |
rda |
| 082 #4 - NÚMERO DE LA CLASIFICACIÓN DECIMAL DEWEY |
| Número de clasificación |
923.27293 |
| Número de documento/Ítem |
D812p |
| Número de edición |
22 |
| 100 1# - ENTRADA PRINCIPAL--NOMBRE DE PERSONA |
| Nombre de persona |
Pérez, Carlos Federico, |
| Fechas asociadas al nombre |
1912-1984 |
| Término indicativo de función/relación |
autor |
| Código de función/relación |
aut. |
| 9 (RLIN) |
24849 |
| 245 13 - MENCIÓN DE TÍTULO |
| Título |
El pensamiento y la acción en la vida de Juan Pablo Duarte / |
| Mención de responsabilidad, etc. |
Carlos Federico Pérez. |
| 264 #4 - PRODUCCIÓN, PUBLICACIÓN, DISTRIBUCIÓN, FABRICACIÓN Y COPYRIGHT |
| Producción, publicación, distribución, fabricación y copyright |
Santo Domingo : |
| Nombre del de productor, editor, distribuidor, fabricante |
Universidad Nacional Pedro Henríquez Ureña, (UNPHU), |
| Fecha de producción, publicación, distribución, fabricación o copyright |
1979. |
| 300 ## - DESCRIPCIÓN FÍSICA |
| Extensión |
278 páginas ; |
| Dimensiones |
23 cm. |
| 336 ## - TIPO DE CONTENIDO |
| Término de tipo de contenido |
texto |
| Código de tipo de contenido |
txt |
| Fuente |
rdacontent |
| 337 ## - TIPO DE MEDIO |
| Nombre/término del tipo de medio |
sin mediación |
| Código del tipo de medio |
n |
| Fuente |
rdamedia |
| 338 ## - TIPO DE SOPORTE |
| Nombre/término del tipo de soporte |
volumen |
| Código del tipo de soporte |
nc |
| Fuente |
rdacarrier |
| 505 0# - NOTA DE CONTENIDO CON FORMATO |
| Nota de contenido con formato |
Palabras previas -- |
| Título |
El legado tradicional en Santo Domingo y las ideas nuevas en el lapso de 1785 a 1809 -- |
| -- |
El período de la España Boba: 1809-1821 -- Acerca de la entrada y actuación de Duarte en la historia -- |
| -- |
Los cimientos ideológicos -- |
| -- |
Al pensamiento siguió la acción -- |
| -- |
Surge el núcleo de la revolución: La Trinitaria -- |
| -- |
Duarte se proyecta en ausencia -- |
| -- |
¡Salve al Padre de la Patria! -- |
| -- |
La política como magisterio -- |
| -- |
El pensamiento de Duarte según las ideas y los hechos -- |
| -- |
¡El revolucionario no había muerto! -- |
| -- |
A modo de balance final -- |
| -- |
Cronología de la vida de Juan Pablo Duarte 1813-1876 -- |
| -- |
Bibliografía adicional por orden cronológico -- |
| -- |
Anexo -- |
| -- |
Índice onomástico. |
| 586 ## - NOTA DE PREMIOS |
| Nota de premios |
Premio Interamericano de la OEA |
| 590 ## - NOTA LOCAL (RLIN) |
| Nota local |
Inventariado, 2020/VM |
| 600 14 - PUNTO DE ACCESO ADICIONAL DE MATERIA--NOMBRE DE PERSONA |
| Nombre de persona |
Duarte, Juan Pablo, |
| Fechas asociadas al nombre |
1813-1876 |
| 9 (RLIN) |
1494 |
| Subdivisión general |
Pensamiento político |
| 650 #0 - PUNTO DE ACCESO ADICIONAL DE MATERIA--TÉRMINO DE MATERIA |
| Término de materia o nombre geográfico como elemento de entrada |
República Dominicana |
| 9 (RLIN) |
9306 |
| Subdivisión general |
Historia |
| 710 2# - PUNTO DE ACCESO ADICIONAL--NOMBRE DE ENTIDAD CORPORATIVA |
| Nombre de entidad corporativa o nombre de jurisdicción como elemento de entrada |
Universidad Nacional Pedro Henríquez Ureña |
| 9 (RLIN) |
83980 |
| 910 ## - DATOS DE OPCIÓN DEL USUARIO (OCLC) |
| Datos de opción del usuario |
Validado. Control de calidad/MAA |
| 942 ## - ELEMENTOS DE PUNTO DE ACCESO ADICIONAL (KOHA) |
| Fuente del sistema de clasificación o colocación |
Dewey Decimal Classification |
| Tipo de ítem Koha |
Libro |